| 000 | 00447nam a2200157 i 4500 | ||
|---|---|---|---|
| 001 | bg | ||
| 100 | 1 | _aMATYSZEWSKI, Tomisław. | |
| 245 | 1 | 0 |
_aMateriały i wyroby budowlane. _nCz. 5, _pKruszywa budowlane / _cT. Matyszewski, T. Burdzińska, J.Piasecki. |
| 260 |
_aSzczecin, _c1979. |
||
| 700 | 1 | _aBURDZIŃSKA, Teresa. | |
| 700 | 1 | _aPIASECKI, Jacek. | |
| 040 | _cBPK | ||
| 041 | _apol | ||
| 942 | _cKS | ||
| 008 | s pl f |000 0 pol | ||
| 999 |
_c19141 _d19141 |
||
| 856 |
_uhttp://koha.tu.koszalin.pl/cgi-bin/koha/opac-detail.pl?biblionumber=19141 _yKatalog online BPK |
||